Alkali-activated binders for precast and ready-mixed concrete products (Record no. 115937)

MARC details
000 -LEADER
fixed length control field 01512cam a22002655a 4500
001 - CONTROL NUMBER
control field L159477
008 - FIXED-LENGTH DATA ELEMENTS--GENERAL INFORMATION
fixed length control field 110516s2016 xxko f 000 0 eng d
020 ## - INTERNATIONAL STANDARD BOOK NUMBER
International Standard Book Number 9781848064560
035 ## - SYSTEM CONTROL NUMBER
System control number (Sirsi) u159477
041 0# - LANGUAGE CODE
Language code of text/sound track or separate title eng
050 04 - LIBRARY OF CONGRESS CALL NUMBER
Classification number 693.5 $2 18
100 1# - MAIN ENTRY--PERSONAL NAME
Personal name Dunster, Andrew
245 00 - TITLE STATEMENT
Title Alkali-activated binders for precast and ready-mixed concrete products
Remainder of title a route map to standardisation, certification and guidance
260 ## - PUBLICATION, DISTRIBUTION, ETC.
Place of publication, distribution, etc. Watford
Name of publisher, distributor, etc. BRE
Date of publication, distribution, etc. 2016
300 ## - PHYSICAL DESCRIPTION
Extent 12p.
Other physical details ill.
Dimensions 30cm.
490 #0 - SERIES STATEMENT
Series statement BRE Information Paper
Volume/sequential designation (4/16)
520 ## - SUMMARY, ETC.
Summary, etc. The production of alkali-activated (AA) binders uses less energy and produces less carbon dioxide than conventional Portland cement (PC). There is a clear need for standardisation and certification of AA binders and concretes. However, there are a range of possible routes and approaches open to the binder manufacturers. As is already the case with established Portland-based cements, supporting guidance, experience in use and codes of practice will ultimately be essential to underpin the wider acceptance of AA binders as a construction material. This paper summarises the current position in this emerging area of construction technology from a UK perspective.
521 ## - TARGET AUDIENCE NOTE
Target audience note Advanced
590 ## - LOCAL NOTE (RLIN)
Local note KA
650 24 - SUBJECT ADDED ENTRY--TOPICAL TERM
Topical term or geographic name entry element BUILT ENVIRONMENT-BUILDING MATERIALS-CEMENTITIOUS, CONCRETE AND MINERAL BOUND MATERIALS-CONCRETE
650 24 - SUBJECT ADDED ENTRY--TOPICAL TERM
Topical term or geographic name entry element ALKALI-ACTIVATED BINDERS
651 #4 - SUBJECT ADDED ENTRY--GEOGRAPHIC NAME
Geographic name United Kingdom
Chronological subdivision
690 ## - LOCAL SUBJECT ADDED ENTRY--TOPICAL TERM (OCLC, RLIN)
Topical term or geographic name as entry element Building materials and defects
942 ## - ADDED ENTRY ELEMENTS (KOHA)
Suppress in OPAC 0
Holdings
Withdrawn status Lost status Source of classification or shelving scheme Damaged status Not for loan Home library Current library Shelving location Date acquired Total Checkouts Full call number Barcode Date last seen Copy number Price effective from Koha item type
    Dewey Decimal Classification     London London BRE publications 01/08/2017   ENQUIRY DESK 30078448 06/08/2019 1 06/08/2019 Book